Examkrackers MCAT verbal reasoning & mathematical techniques (Record no. 29896)

MARC details
000 -LEADER
fixed length control field 00528nam a2200181Ia 4500
020 ## - INTERNATIONAL STANDARD BOOK NUMBER
ISBN 9781893858480
100 ## - STATEMENT OF RESPONSIBILITY--MAIN AUTHOR NAME
Personal name Orsay, Jonathan
245 #0 - TITLE STATEMENT
Title Examkrackers MCAT verbal reasoning & mathematical techniques
250 ## - EDITION / VOLUME STATEMENT
Edition / Volume statement 7th ed.
260 ## - PUBLICATION, DISTRIBUTION, ETC. (IMPRINT)
Place of publication New Jersey
260 ## - PUBLICATION, DISTRIBUTION, ETC. (IMPRINT)
Name of publisher Osote Publishing
260 ## - PUBLICATION, DISTRIBUTION, ETC. (IMPRINT)
Year of publication 2007
300 ## - PHYSICAL DESCRIPTION
Number of Pages 112 p
650 ## - SUBJECT ADDED ENTRY--TOPICAL TERM
Topical Term Reading comprehension --Problems, exercises, etc. Reasoning --Problems, exercises, etc.
942 ## - ADDED ENTRY ELEMENTS (KOHA)
Koha item type Books
Holdings
Withdrawn status Lost status Source of classification or shelving scheme Damaged status Not for loan Permanent Location Current Location Date acquired Accession Number Price effective from Koha item type
    Library of Congress Classification     NILE UNIVERSITY OF NIGERIA - MAIN LIBRARY NILE UNIVERSITY OF NIGERIA - MAIN LIBRARY 04/23/2025 0001369 04/23/2025 Books